00546nam a22001577a 4500008004100000020001500041020001800056050002200074100002200096245009500118260003500213300002600248650004300274650005300317700001800370161007b xxu||||| |||| 00| 0 eng d a0834802996 a9780834802995 aNA 7208 .R36 1993 aRao,Peggy Landers aNature on view :b homes and gardens inspired by JapancPeggy Landers Rao and Jean Mahoney aTokyo :b Weatherhill, cc1993 a191p. :bill. ;c28cm aArchitecture, DomesticszUnited States aArchitecture, JapanesexInfluencezUnited States aMahoney, Jean